Informácia o realizácii aktivít projektu "Zvyšovanie kvality doktorandského štúdia a podpora medzinárodného výskumu na Národohospodárskej fakulte Ekonomickej univerzity v Bratislave

Informácia o cieľoch a zámeroch projektu Zvyšovanie kvality doktorandského štúdia a podpora medzinárodného výskumu na Národohospodárskej fakulte Ekonomickej univerzity v Bratislave.

Enregistré dans:
Détails bibliographiques
Auteur principal: Novák, Marcel, 1979-
Format: Chapitre de livre
Langue:slovaque
Sujets:
Tags: Ajouter un tag
Pas de tags, Soyez le premier à ajouter un tag!

MARC

LEADER 00000naa a2200000 4500
001 0167163
005 20240502072920.0
041 0 |a slo 
044 |a SK 
245 1 0 |a Informácia o realizácii aktivít projektu "Zvyšovanie kvality doktorandského štúdia a podpora medzinárodného výskumu na Národohospodárskej fakulte Ekonomickej univerzity v Bratislave  |c Marcel Novák 
520 |a Informácia o cieľoch a zámeroch projektu Zvyšovanie kvality doktorandského štúdia a podpora medzinárodného výskumu na Národohospodárskej fakulte Ekonomickej univerzity v Bratislave. 
610 2 0 |a univerzity 
610 2 0 |a spolupráca vedecká medzinárodná 
610 2 0 |a projekty 
610 2 0 |a štúdium doktorandské 
100 1 |a Novák, Marcel, 1979-